<?xml version="1.0" encoding="UTF-8"?>
<record
    xmlns:xsi="http://www.w3.org/2001/XMLSchema-instance"
    xsi:schemaLocation="http://www.loc.gov/MARC21/slim http://www.loc.gov/standards/marcxml/schema/MARC21slim.xsd"
    xmlns="http://www.loc.gov/MARC21/slim">

  <leader>01579nam a2200277Ia 4500</leader>
  <datafield tag="999" ind1=" " ind2=" ">
    <subfield code="c">38566</subfield>
    <subfield code="d">38566</subfield>
  </datafield>
  <controlfield tag="001">4682</controlfield>
  <controlfield tag="003">GE_BSU</controlfield>
  <controlfield tag="005">20200123120202.0</controlfield>
  <controlfield tag="008">181216s2011||||ge |||||||||||||| ||geo||</controlfield>
  <datafield tag="020" ind1=" " ind2=" ">
    <subfield code="a">9789994090723</subfield>
  </datafield>
  <datafield tag="040" ind1=" " ind2=" ">
    <subfield code="c">GE_BSU</subfield>
  </datafield>
  <datafield tag="041" ind1=" " ind2=" ">
    <subfield code="a">geo</subfield>
  </datafield>
  <datafield tag="080" ind1=" " ind2=" ">
    <subfield code="a">618(075.8)  &#x10D2;-50</subfield>
  </datafield>
  <datafield tag="245" ind1=" " ind2=" ">
    <subfield code="a">&#x10D2;&#x10D8;&#x10DC;&#x10D4;&#x10D9;&#x10DD;&#x10DA;&#x10DD;&#x10D2;&#x10D8;&#x10D0; :</subfield>
    <subfield code="b">&#x10E1;&#x10D0;&#x10EE;&#x10D4;&#x10DA;&#x10DB;&#x10EB;&#x10E6;&#x10D5;&#x10D0;&#x10DC;&#x10D4;&#x10DA;&#x10DD; &#x10E3;&#x10DB;&#x10D0;&#x10E6;&#x10DA;&#x10D4;&#x10E1;&#x10D8; &#x10E1;&#x10D0;&#x10DB;&#x10D4;&#x10D3;&#x10D8;&#x10EA;&#x10D8;&#x10DC;&#x10DD;  &#x10E1;&#x10D0;&#x10E1;&#x10EC;&#x10D0;&#x10D5;&#x10DA;&#x10D4;&#x10D1;&#x10DA;&#x10D8;&#x10E1; &#x10E1;&#x10E2;&#x10E3;&#x10D3;&#x10D4;&#x10DC;&#x10E2;&#x10D4;&#x10D1;&#x10D8;&#x10E1;&#x10D0;&#x10D7;&#x10D5;&#x10D8;&#x10E1; &#x10D3;&#x10D0; &#x10D4;&#x10E5;&#x10D8;&#x10DB;&#x10D4;&#x10D1;&#x10D8;&#x10E1;&#x10D0;&#x10D7;&#x10D5;&#x10D8;&#x10E1; /</subfield>
    <subfield code="c">&#x10DA;.  &#x10D5;&#x10D0;&#x10E1;&#x10D8;&#x10DA;&#x10D4;&#x10D5;&#x10E1;&#x10D9;&#x10D0;&#x10D8;&#x10D0;,  &#x10D5;. &#x10D2;&#x10E0;&#x10D8;&#x10E8;&#x10D4;&#x10DC;&#x10D9;&#x10DD;, &#x10DC;. &#x10D9;&#x10D1;&#x10D6;&#x10D4;&#x10D5;&#x10D0; &#x10D3;&#x10D0; &#x10E1;&#x10EE;&#x10D5;. ; &#x10DA;. &#x10D5;&#x10D0;&#x10E1;&#x10D8;&#x10DA;&#x10D4;&#x10D5;&#x10E1;&#x10D9;&#x10D0;&#x10DD;&#x10D8;&#x10D0;&#x10E1; &#x10E0;&#x10D4;&#x10D3;&#x10D0;&#x10E5;&#x10EA;&#x10D8;&#x10D8;&#x10D7; ; &#x10D7;&#x10D0;&#x10E0;&#x10D2;. &#x10E0;&#x10D4;&#x10D3;. &#x10DD;&#x10DB;&#x10D0;&#x10E0; &#x10ED;&#x10D0;&#x10DC;&#x10D8;&#x10E8;&#x10D5;&#x10D8;&#x10DA;&#x10D8;.</subfield>
  </datafield>
  <datafield tag="250" ind1=" " ind2=" ">
    <subfield code="a">&#x10DB;&#x10D4;&#x2013;3  &#x10D2;&#x10D0;&#x10D3;&#x10D0;&#x10DB;&#x10E3;&#x10E8;.  &#x10D2;&#x10D0;&#x10DB;&#x10DD;&#x10EA;.</subfield>
  </datafield>
  <datafield tag="264" ind1=" " ind2=" ">
    <subfield code="a">&#x10D7;&#x10D1;&#x10D8;&#x10DA;&#x10D8;&#x10E1;&#x10D8; :</subfield>
    <subfield code="b">&#x10DB;&#x10D7;&#x10D0;&#x10EC;&#x10DB;&#x10D8;&#x10DC;&#x10D3;&#x10D4;&#x10DA;&#x10D8; ;</subfield>
    <subfield code="c">2011.</subfield>
  </datafield>
  <datafield tag="300" ind1=" " ind2=" ">
    <subfield code="a">392 &#x10D2;&#x10D5;. :</subfield>
    <subfield code="b">&#x10E1;&#x10E3;&#x10E0;. ;</subfield>
    <subfield code="c">21 &#x10E1;&#x10DB;.</subfield>
  </datafield>
  <datafield tag="490" ind1=" " ind2=" ">
    <subfield code="a">&#x10E1;&#x10D0;&#x10E1;&#x10EC;&#x10D0;&#x10D5;&#x10DA;&#x10DD; &#x10DA;&#x10D8;&#x10E2;&#x10D4;&#x10E0;&#x10D0;&#x10E2;&#x10E3;&#x10E0;&#x10D0;</subfield>
  </datafield>
  <datafield tag="653" ind1=" " ind2=" ">
    <subfield code="a">&#x10D2;&#x10D8;&#x10DC;&#x10D4;&#x10D9;&#x10DD;&#x10DA;&#x10DD;&#x10D2;&#x10D8;&#x10D0;</subfield>
  </datafield>
  <datafield tag="653" ind1=" " ind2=" ">
    <subfield code="a">&#x10DB;&#x10D4;&#x10D3;&#x10D8;&#x10EA;&#x10D8;&#x10DC;&#x10D0;</subfield>
  </datafield>
  <datafield tag="700" ind1=" " ind2=" ">
    <subfield code="a"> &#x10D5;&#x10D0;&#x10E1;&#x10D8;&#x10DA;&#x10D4;&#x10D5;&#x10E1;&#x10D9;&#x10D0;&#x10D8;&#x10D0;, &#x10DA;.&#x10DC;.</subfield>
    <subfield code="e">&#x10D0;&#x10D5;&#x10E2;&#x10DD;&#x10E0;&#x10D8;</subfield>
    <subfield code="9">6334</subfield>
  </datafield>
  <datafield tag="700" ind1=" " ind2=" ">
    <subfield code="a"> &#x10D2;&#x10E0;&#x10D8;&#x10E8;&#x10E9;&#x10D4;&#x10DC;&#x10D9;&#x10DD;, &#x10D5;.&#x10D8;.</subfield>
    <subfield code="e">&#x10D0;&#x10D5;&#x10E2;&#x10DD;&#x10E0;&#x10D8;</subfield>
    <subfield code="9">6335</subfield>
  </datafield>
  <datafield tag="700" ind1=" " ind2=" ">
    <subfield code="a"> &#x10D9;&#x10DD;&#x10D1;&#x10D6;&#x10D4;&#x10D5;&#x10D0;, &#x10DC;.&#x10D5;.</subfield>
    <subfield code="e">&#x10D0;&#x10D5;&#x10E2;&#x10DD;&#x10E0;&#x10D8;</subfield>
    <subfield code="9">6336</subfield>
  </datafield>
  <datafield tag="700" ind1=" " ind2=" ">
    <subfield code="a"> &#x10D8;&#x10E3;&#x10E0;&#x10DD;&#x10D5;&#x10E1;&#x10D9;&#x10D0;&#x10D8;&#x10D0;, &#x10D5;.&#x10DE;. &#x10D3;&#x10D0; &#x10E1;&#x10EE;&#x10D5;.</subfield>
    <subfield code="e">&#x10D0;&#x10D5;&#x10E2;&#x10DD;&#x10E0;&#x10D8;</subfield>
    <subfield code="9">6337</subfield>
  </datafield>
  <datafield tag="942" ind1=" " ind2=" ">
    <subfield code="c">BK</subfield>
    <subfield code="2">udc</subfield>
  </datafield>
  <datafield tag="952" ind1=" " ind2=" ">
    <subfield code="0">0</subfield>
    <subfield code="1">0</subfield>
    <subfield code="2">udc</subfield>
    <subfield code="4">0</subfield>
    <subfield code="6">6180758_&#x10D2;50</subfield>
    <subfield code="7">0</subfield>
    <subfield code="9">40033</subfield>
    <subfield code="a">CPL</subfield>
    <subfield code="b">CPL</subfield>
    <subfield code="c">GEN</subfield>
    <subfield code="d">2018-12-17</subfield>
    <subfield code="g">24.00</subfield>
    <subfield code="o">618(075.8)  &#x10D2;-50</subfield>
    <subfield code="p">12452</subfield>
    <subfield code="r">2018-12-17</subfield>
    <subfield code="t">12452</subfield>
    <subfield code="w">2018-12-17</subfield>
    <subfield code="y">BK</subfield>
    <subfield code="z">24 &#x10DA;.</subfield>
  </datafield>
  <datafield tag="952" ind1=" " ind2=" ">
    <subfield code="0">0</subfield>
    <subfield code="1">0</subfield>
    <subfield code="2">udc</subfield>
    <subfield code="4">0</subfield>
    <subfield code="6">6180758_&#x10D2;50</subfield>
    <subfield code="7">0</subfield>
    <subfield code="9">40034</subfield>
    <subfield code="a">CPL</subfield>
    <subfield code="b">CPL</subfield>
    <subfield code="c">GEN</subfield>
    <subfield code="d">2018-12-17</subfield>
    <subfield code="g">24.00</subfield>
    <subfield code="o">618(075.8)  &#x10D2;-50</subfield>
    <subfield code="p">12453</subfield>
    <subfield code="r">2018-12-17</subfield>
    <subfield code="t">12453</subfield>
    <subfield code="w">2018-12-17</subfield>
    <subfield code="y">BK</subfield>
    <subfield code="z">24 &#x10DA;.</subfield>
  </datafield>
  <datafield tag="952" ind1=" " ind2=" ">
    <subfield code="0">0</subfield>
    <subfield code="1">0</subfield>
    <subfield code="2">udc</subfield>
    <subfield code="4">0</subfield>
    <subfield code="6">6180758_&#x10D2;50</subfield>
    <subfield code="7">0</subfield>
    <subfield code="9">40035</subfield>
    <subfield code="a">CPL</subfield>
    <subfield code="b">CPL</subfield>
    <subfield code="c">GEN</subfield>
    <subfield code="d">2018-12-17</subfield>
    <subfield code="g">24.00</subfield>
    <subfield code="o">618(075.8)  &#x10D2;-50</subfield>
    <subfield code="p">12454</subfield>
    <subfield code="r">2018-12-17</subfield>
    <subfield code="t">12454</subfield>
    <subfield code="w">2018-12-17</subfield>
    <subfield code="y">BK</subfield>
    <subfield code="z">24 &#x10DA;.</subfield>
  </datafield>
  <datafield tag="952" ind1=" " ind2=" ">
    <subfield code="0">0</subfield>
    <subfield code="1">0</subfield>
    <subfield code="2">udc</subfield>
    <subfield code="4">0</subfield>
    <subfield code="6">6180758_&#x10D2;50</subfield>
    <subfield code="7">0</subfield>
    <subfield code="9">40036</subfield>
    <subfield code="a">CPL</subfield>
    <subfield code="b">CPL</subfield>
    <subfield code="c">GEN</subfield>
    <subfield code="d">2018-12-17</subfield>
    <subfield code="g">24.00</subfield>
    <subfield code="o">618(075.8)  &#x10D2;-50</subfield>
    <subfield code="p">12455</subfield>
    <subfield code="r">2018-12-17</subfield>
    <subfield code="t">12455</subfield>
    <subfield code="w">2018-12-17</subfield>
    <subfield code="y">BK</subfield>
    <subfield code="z">24 &#x10DA;.</subfield>
  </datafield>
  <datafield tag="952" ind1=" " ind2=" ">
    <subfield code="0">0</subfield>
    <subfield code="1">0</subfield>
    <subfield code="2">udc</subfield>
    <subfield code="4">0</subfield>
    <subfield code="6">6180758_&#x10D2;50</subfield>
    <subfield code="7">0</subfield>
    <subfield code="9">40037</subfield>
    <subfield code="a">CPL</subfield>
    <subfield code="b">CPL</subfield>
    <subfield code="c">GEN</subfield>
    <subfield code="d">2018-12-17</subfield>
    <subfield code="g">24.00</subfield>
    <subfield code="o">618(075.8)  &#x10D2;-50</subfield>
    <subfield code="p">12456</subfield>
    <subfield code="r">2018-12-17</subfield>
    <subfield code="t">12456</subfield>
    <subfield code="w">2018-12-17</subfield>
    <subfield code="y">BK</subfield>
    <subfield code="z">24 &#x10DA;.</subfield>
  </datafield>
  <datafield tag="952" ind1=" " ind2=" ">
    <subfield code="0">0</subfield>
    <subfield code="1">0</subfield>
    <subfield code="2">udc</subfield>
    <subfield code="4">0</subfield>
    <subfield code="6">6180758_&#x10D2;50</subfield>
    <subfield code="7">0</subfield>
    <subfield code="9">40038</subfield>
    <subfield code="a">CPL</subfield>
    <subfield code="b">CPL</subfield>
    <subfield code="c">GEN</subfield>
    <subfield code="d">2018-12-17</subfield>
    <subfield code="g">24.00</subfield>
    <subfield code="o">618(075.8)  &#x10D2;-50</subfield>
    <subfield code="p">12457</subfield>
    <subfield code="r">2018-12-17</subfield>
    <subfield code="t">12457</subfield>
    <subfield code="w">2018-12-17</subfield>
    <subfield code="y">BK</subfield>
    <subfield code="z">24 &#x10DA;.</subfield>
  </datafield>
  <datafield tag="952" ind1=" " ind2=" ">
    <subfield code="0">0</subfield>
    <subfield code="1">0</subfield>
    <subfield code="2">udc</subfield>
    <subfield code="4">0</subfield>
    <subfield code="6">6180758_&#x10D2;50</subfield>
    <subfield code="7">0</subfield>
    <subfield code="9">40039</subfield>
    <subfield code="a">CPL</subfield>
    <subfield code="b">CPL</subfield>
    <subfield code="c">GEN</subfield>
    <subfield code="d">2018-12-17</subfield>
    <subfield code="g">24.00</subfield>
    <subfield code="o">618(075.8)  &#x10D2;-50</subfield>
    <subfield code="p">12458</subfield>
    <subfield code="r">2018-12-17</subfield>
    <subfield code="t">12458</subfield>
    <subfield code="w">2018-12-17</subfield>
    <subfield code="y">BK</subfield>
    <subfield code="z">24 &#x10DA;.</subfield>
  </datafield>
  <datafield tag="952" ind1=" " ind2=" ">
    <subfield code="0">0</subfield>
    <subfield code="1">0</subfield>
    <subfield code="2">udc</subfield>
    <subfield code="4">0</subfield>
    <subfield code="6">6180758_&#x10D2;50</subfield>
    <subfield code="7">0</subfield>
    <subfield code="9">40040</subfield>
    <subfield code="a">CPL</subfield>
    <subfield code="b">CPL</subfield>
    <subfield code="c">GEN</subfield>
    <subfield code="d">2018-12-17</subfield>
    <subfield code="g">24.00</subfield>
    <subfield code="o">618(075.8)  &#x10D2;-50</subfield>
    <subfield code="p">12459</subfield>
    <subfield code="r">2018-12-17</subfield>
    <subfield code="t">12459</subfield>
    <subfield code="w">2018-12-17</subfield>
    <subfield code="y">BK</subfield>
    <subfield code="z">24 &#x10DA;.</subfield>
  </datafield>
  <datafield tag="952" ind1=" " ind2=" ">
    <subfield code="0">0</subfield>
    <subfield code="1">0</subfield>
    <subfield code="2">udc</subfield>
    <subfield code="4">0</subfield>
    <subfield code="6">6180758_&#x10D2;50</subfield>
    <subfield code="7">0</subfield>
    <subfield code="9">40041</subfield>
    <subfield code="a">CPL</subfield>
    <subfield code="b">CPL</subfield>
    <subfield code="c">GEN</subfield>
    <subfield code="d">2018-12-17</subfield>
    <subfield code="g">24.00</subfield>
    <subfield code="o">618(075.8)  &#x10D2;-50</subfield>
    <subfield code="p">12460</subfield>
    <subfield code="r">2018-12-17</subfield>
    <subfield code="t">12460</subfield>
    <subfield code="w">2018-12-17</subfield>
    <subfield code="y">BK</subfield>
    <subfield code="z">24 &#x10DA;.</subfield>
  </datafield>
  <datafield tag="952" ind1=" " ind2=" ">
    <subfield code="0">0</subfield>
    <subfield code="1">0</subfield>
    <subfield code="2">udc</subfield>
    <subfield code="4">0</subfield>
    <subfield code="6">6180758_&#x10D2;50</subfield>
    <subfield code="7">0</subfield>
    <subfield code="9">40042</subfield>
    <subfield code="a">CPL</subfield>
    <subfield code="b">CPL</subfield>
    <subfield code="c">GEN</subfield>
    <subfield code="d">2018-12-17</subfield>
    <subfield code="g">24.00</subfield>
    <subfield code="o">618(075.8)  &#x10D2;-50</subfield>
    <subfield code="p">12461</subfield>
    <subfield code="r">2018-12-17</subfield>
    <subfield code="t">12461</subfield>
    <subfield code="w">2018-12-17</subfield>
    <subfield code="y">BK</subfield>
    <subfield code="z">24 &#x10DA;.</subfield>
  </datafield>
</record>
